000 00429nam a2200181Ia 4500
001 17140
005 20260306170403.0
008 260306t2017||||xx |||||||||||||| ||und||
041 _aESP
082 _a657.46
_bV66S
100 _aVillazana Ochoa, Saúl
_eAUT
245 0 _aSaldo a favor del exportador
260 _c2017
300 _a63 páginas :
_c24 cm.
650 _aGEN
654 _aCCO
942 _cLIB
_dJUS
_fJUS
_2ddc
_n
999 _c17140
_d17140